Spomeniete si aj tento týždeň, že pred dvadsiatimi deviatimi rokmi bol 21. august? ; Aut. Martin Porubjak, Ladislav Kováč, Jiří Zajič, Rudolf Chmel, Jana Koubková

Bibliographic Details
Main Authors: Porubjak, Martin, 1944-2015 (Author), Kováč, Ladislav (Author), Zajič, Jiří (Author), Chmel, Rudolf, 1939- (Author), Koubková, Jana (Author)
Format: Article
Language:Slovak
PhysicalDescription:Fotogr. 6
Subjects:

MARC

LEADER 00000nab a2200000 a 4500
001 vtls000634186
003 SK-MaSNL
005 20260303190555.0
008 160324c1997 xo 0 slo
015 |a SNBRB19rr/mm-uuuuu 
035 |a CL0634325 
040 |a SNKBUCL  |b slo  |c SNKBUCL  |e AACR2 
041 0 |a slo 
044 |a xo  |c SK 
080 |a 943.7"1968"  |2 1981 
245 0 0 |a Spomeniete si aj tento týždeň, že pred dvadsiatimi deviatimi rokmi bol 21. august? ; Aut. Martin Porubjak, Ladislav Kováč, Jiří Zajič, Rudolf Chmel, Jana Koubková 
300 |b Fotogr. 6 
650 0 7 |a Česko-Slovensko  |2 snkbucl  |9 898485 
655 7 |a články z novín a časopisov  |2 snkbucl  |9 267496 
700 1 |a Porubjak, Martin,  |d 1944-2015  |4 aut  |9 159939 
700 1 |a Kováč, Ladislav  |4 aut  |9 337940 
700 1 |a Zajič, Jiří  |4 aut  |9 290892 
700 1 |a Chmel, Rudolf,  |d 1939-  |4 aut  |9 14004 
700 1 |a Koubková, Jana  |4 aut  |9 958228 
773 0 |t Mosty  |g Roč. 6, č. 34 (1997), s. 4-5 
850 |a Slovenská národná knižnica v Martine  |a MTA001 
852 |a SNK  |b KIS3GCP 
958 |a SK 
958 |a CZ 
958 |a RK 
958 |a RBX 
999 |c 2136975  |d 2138905